British Playwright (Multiple Choice) Quiz Stats

Quiz Updated Jul 2, 2017

Challenge
Share
Tweet
Embed
Score 0/25 Timer 05:00
1 Play Today
Question Answer Wrong Answers
Richard III William Shakespeare
80.9%
Nick Stafford
2.2%
Christopher Marlowe
3.6%
Harold Pinter
2.1%
Rosencrantz and Guildenstern are Dead Tom Stoppard
68.6%
Noël Coward
7.9%
Alan Ayckbourn
6%
John Arden
5.6%
Blithe Spirit Noël Coward
67.6%
David Hare
5.3%
Joe Orton
6.1%
Sarah Kane
9.3%
The Birthday Party Harold Pinter
62.4%
Tom Stoppard
11.2%
George Bernard Shaw
7.8%
Simon Stephens
7.2%
Arms and the Man George Bernard Shaw
60.8%
Christopher Marlowe
8.3%
Peter Shaffer
8.2%
Simon Stephens
10.6%
The History Boys Alan Bennett
60.4%
Timberlake Wertenbaker
8.5%
John Osborne
9.9%
Leo Butler
9.1%
Equus Peter Shaffer
58.5%
John Arden
10.2%
Michael Frayn
9.4%
George Bernard Shaw
10.1%
An Inspector Calls J.B. Priestley
57.9%
David Hare
8.9%
Noël Coward
13.1%
Caryl Churchill
8.2%
Look Back in Anger John Osborne
55.3%
Harold Pinter
13.5%
George Bernard Shaw
9.6%
Michael Frayn
9.9%
Edward II Christopher Marlowe
54.2%
William Shakespeare
22.2%
Caryl Churchill
5.7%
Patrick Barlow
6.3%
Cloud 9 Caryl Churchill
48.8%
Tom Stoppard
10.9%
Harold Pinter
11.2%
David Hare
16.7%
Bedroom Farce Alan Ayckbourn
46.6%
Christopher Hampton
13.3%
Joe Orton
12.9%
Michael Frayn
14.8%
Noises Off Michael Frayn
45.7%
Tom Stoppard
16%
Noël Coward
15.4%
David Edgar
11%
A Man For All Seasons Robert Bolt
44.8%
John Osborne
15.6%
J.B. Priestley
17.3%
David Edgar
10.5%
What the Butler Saw Joe Orton
42.4%
Peter Shaffer
9.7%
Alan Ayckbourn
19%
John Arden
16.6%
Skylight David Hare
42.1%
Noël Coward
13.4%
John Osbourne
15.6%
Joe Orton
16.6%
Les Liaisons dangereuses Christopher Hampton
41.7%
George Bernard Shaw
12%
Peter Shaffer
13.9%
John Boynton Priestley
20.2%
King Charles III Mike Bartlett
40%
William Shakespeare
11.5%
Christopher Marlowe
25.5%
John Osborne
11.2%
Our Country's Good Timberlake Wertenbaker
39.9%
David Hare
17.2%
Simon Stephens
14.7%
Alyn Ayckbourn
15.8%
War Horse Nick Stafford
37.5%
Leo Butler
14.9%
Harold Pinter
10.5%
Peter Shaffer
25.2%
Frost/Nixon Peter Morgan
36.9%
Sarah Kane
11.7%
David Edgar
22.3%
Tom Stoppard
17%
The 39 Steps Patrick Barlow
34.2%
David Edgar
17.5%
David Hare
17%
Peter Bolt
19%
The Life and Adventures of Nicholas Nickleby David Edgar
33.4%
Oscar Wilde
22.1%
Patrick Barlow
28%
William Shakespeare
4.3%
Boy Leo Butler
31.8%
Michael Frayn
18.7%
David Edgar
18%
Peter Morgan
18.7%
The Curious Incident of the Dog in the Night-Time Simon Stephens
24.1%
Nick Stafford
23.7%
Peter Morgan
12.7%
Christopher Hampton
27.7%

You're not logged in!

Compare scores with friends on all Sporcle quizzes.
Sign Up with Email
OR
Log In

You Might Also Like...

Show Comments

Extras

Top Quizzes Today


Score Distribution

Your Account Isn't Verified!

In order to create a playlist on Sporcle, you need to verify the email address you used during registration. Go to your Sporcle Settings to finish the process.